|
|
|
|
| LEADER |
00000naa2a2200000 4500 |
| 001 |
152337 |
| 005 |
20240118095619.0 |
| 035 |
|
|
|a (RuTPU)RU\TPU\book\165167
|
| 035 |
|
|
|a RU\TPU\tpu\15268
|
| 090 |
|
|
|a 152337
|
| 100 |
|
|
|a 20090130d1979 k y0rusy50 ca
|
| 101 |
0 |
|
|a rus
|
| 102 |
|
|
|a RU
|
| 200 |
1 |
|
|a Кинетика термического декарбоксилирования гуминовых кислот торфа
|f Л. В. Шишмина, Я. А. Белихмаер, С. И. Смольянинов
|
| 461 |
|
1 |
|0 (RuTPU)RU\TPU\book\119409
|t Термический анализ
|o тезисы докладов VII Всесоюзного совещания: в 2 т.
|f Академия Наук СССР; Академия наук Латвийской ССР; Институт химии древесины; под ред. В. П. Карливана
|d 1979
|
| 463 |
|
0 |
|0 (RuTPU)RU\TPU\book\110173
|t Т. 2
|v С. 68-69
|d 1979
|p 168 с.
|
| 610 |
1 |
|
|a труды учёных ТПУ
|
| 700 |
|
1 |
|a Шишмина
|b Л. В.
|c российский геолог
|c доцент Томского политехнического университета, кандидат химических наук
|f 1951-
|g Людмила Всеволодовна
|3 (RuTPU)RU\TPU\pers\26106
|9 11936
|
| 701 |
|
1 |
|a Белихмаер
|b Я. А.
|
| 701 |
|
1 |
|a Смольянинов
|b С. И.
|c российский химик-технолог
|c профессор Томского политехнического университета
|f 1925-1991
|g Станислав Иванович
|3 (RuTPU)RU\TPU\pers\15849
|
| 801 |
|
1 |
|a RU
|b 63413507
|c 20081114
|g PSBO
|
| 801 |
|
2 |
|a RU
|b 63413507
|c 20151217
|g PSBO
|
| 942 |
|
|
|c BK
|